|
|
|
|
| LEADER |
00000cam a2200000 7i4500 |
| 001 |
0000029634 |
| 005 |
20151222.0 |
| 008 |
100720 |
| 020 |
|
|
|a 9835931364
|
| 090 |
0 |
0 |
|a JF
|b MAL
|
| 100 |
0 |
|
|a K.S. Maniam
|
| 245 |
1 |
0 |
|a Langkah berani
|c K.S. Maniam ; terjemahan oleh Fatimah Azzahra Yunus
|
| 260 |
|
|
|a Selangor :
|b Sasbadi Sdn. Bhd ,
|c 2007
|
| 500 |
|
|
|a Children ages 10-12 years old (pink)
|
| 650 |
|
0 |
|a Children's stories, Malay
|
| 700 |
0 |
|
|a Fatimah Azzahra Yunus
|
| 999 |
|
|
|a 0001066998
|b Book
|c Children Collection
|e Cawangan Bukit Gambir
|
| 999 |
|
|
|a 0001067132
|b Book
|c Children Collection
|e Cawangan Pontian
|
| 999 |
|
|
|a 0001067231
|b Book
|c Children Collection
|e Cawangan Taman Universiti
|
| 999 |
|
|
|a 0001067629
|b Book
|c Children Collection
|e Cawangan Segamat
|
| 999 |
|
|
|a 0001067807
|b Book
|c Children Collection
|e Cawangan Tangkak
|
| 999 |
|
|
|a 0001068656
|b Book
|c Children Collection
|e Cawangan Bandar Penawar
|
| 999 |
|
|
|a 0001068907
|b Book
|c Children Collection
|e Perbadanan Perpustakaan Awam Johor
|
| 999 |
|
|
|a 0001140986
|b Book
|c Teenagers
|e Perbadanan Perpustakaan Awam Johor
|
| 999 |
|
|
|a 0001140987
|b Book
|c Adult Collection
|e Perbadanan Perpustakaan Awam Johor
|
| 999 |
|
|
|a 0001140988
|b Book
|c Adult Collection
|e Perbadanan Perpustakaan Awam Johor
|